000 00945nam a22002417a 4500
005 20240530110440.0
008 150419s2011 xxuaok g b 000 0 eng d
017 _a2011/3098
_bمصر . دار الكتب المصرية
020 _a9789774276679
040 _aEG-CaGPL
082 0 4 _221
_a364.168\
_bم ع
100 0 _aمحمود الرشيدى
245 1 2 _aالعنف فى جرائم الانترنت :
_bاهم القضايا : الحماية و التامين /
_cمحمود الرشيدى
250 _aط1
260 _aالقاهرة :
_bالدار المصرية اللبنانية ،
_c2011.
300 _a222 ص :
_bايض ؛
_c24 سم +
_eملاحق .
490 _aالمكتبة الاعلامية
504 _aيشتمل على ارجاعات ببليوجرافية
650 0 4 _aجرائم الحاسب الالى
650 0 4 _aجرائم الغش
942 _2ddc
_cBK
999 _c61037
_d61037